00602nam a2200157 a 4500008004100000050002000041100001800061245003400079260004000113300001500153350000900168650002000177995010200197999001700299952012800316120416s1977 ||||||||||||||||| || u aQE 501.4.N9 Fau aFaure, Gunter10aPrinciples of isotope geology aNew YorkbJohn Wiley and Sonsc1977 axii, 464p. a0.00 aISOTOPE GEOLOGY D0.00FCBU-MAIN LIBRARY (Kitwe)H1I14.30M1UAVAILABLEWMar 16, 2007ZAnnex Low-Usage Collection  c54587d54587 00102lcc4070a001b001cAnnex Low-Usage Collection d2022-11-30l0oQE 501.4.N9 Faup014388r2022-11-30w2022-11-30y002